Responses for show #1207 - Tuesday, November 28, 1989

Contestants

[<< previous game]

Patti Van Benthuysen, an editor from Los Angeles, California

Jeff Slike, an ATM repairman originally from Harrisburg, Pennsylvania

Nancy Janow, a cooking instructor from Sotuh Orange, New Jersey

[next game >>]

Jeopardy! Round responses

U.S. HISTORY
FLORAL QUOTES
FORESTS
FRUITS
BUSINESS & INDUSTRY
CINDERELLA
    $100 18
(Robert) Fulton

Patti
    $100 6
"Battle Hymn of the Republic"

Jeff
    $100 7
Sherwood Forest

Patti
    $100 4
the pear

Patti
    $100 25
Red Lobster

Nancy
    $100 1
the slipper

Jeff
    $200 21
Havana

Jeff
    $200 13
Gertrude Stein

Patti
    $200 15
the Black Forest

Jeff
    $200 5
olive oil

Patti
    $200 26
pharmaceuticals

Jeff
    $200 2
a pumpkin

Jeff
    $300 20
signing the Declaration of Independence

Nancy
    $600 14
"Where Have All The Flowers Gone?"

Patti
    $300 19
California

Jeff
    $300 8
a peach

Nancy
    $300 24
ticker tape

Nancy
    $300 3
the stepsisters

Patti
    $400 17
the great blckout

Nancy
    $400 29
The Mikado

Nancy
    $400 27
(Patti: What is Montana?)

Wyoming

JeffPatti
    $400 11
a grapefruit

Triple Stumper
    $400 23
United

Triple Stumper
    $400 9
the mice

Nancy
    $500 16
William Jennings Bryan

Jeff
    $500 30
daffodils

Jeff
    $500 28
Washington

Patti
    $500 12
citron

Nancy
    $500 22
J. C. Penney's

Triple Stumper
    $500 10
Julie Andrews & Lesley Ann Warren

Triple Stumper

Scores at the first commercial break (after clue 14):

Nancy Jeff Patti
$1,200 $400 $1,500

Scores at the end of the Jeopardy! Round:

Nancy Jeff Patti
$2,700 $2,700 $1,700

Double Jeopardy! Round responses

POETS
LAW
ACADEMY AWARDS
STARTS WITH "P"
SCIENCE
GEOGRAPHIC SQUARES
    $200 26
New York

Patti
    $200 19
majority

Patti
    $2,000 2
Born Free

Jeff
    $200 1
a possee

Jeff
    $200 6
waves

Nancy
    $200 12
(Jeff: What is Kremlin?)

Red Square

NancyJeff
    $400 27
Walt Whitman

Patti
    $400 22
a trademark

Jeff
    $400 3
In the Heat of the Night

Jeff
    $400 5
Peter Peter Pumpkin Eater

Patti
    $400 7
radon

Jeff
    $400 15
St. Peter's Square

Patti
    $600 30
Poets' Corner

Patti
    $600 23
small claims court

Jeff
    $600 4
The Apartment

Patti
    $600 11
to poach

Patti
    $600 8
the speed of light

Jeff
    $600 16
London

Patti
    $800 29
(Samuel Taylor) Coleridge

Jeff
    $800 24
Antonin Scalia

Triple Stumper
    $800 20
Judy Holliday

Patti
    $800 13
palimony

Jeff
    $800 9
(Nancy: What is water?)

(Jeff: What are bodies of water?)

fluids

NancyJeff
Triple Stumper
    $800 17
Herald Square

Nancy
    $1000 28
Richard Wilbur

Triple Stumper
    $1000 25
oyez

Patti
    $1000 21
Linda Hunt

Jeff
    $1000 14
Persephone

Nancy
    $1000 10
pulsars

Nancy
    $1,500 18
Tiananmen Square

Nancy

Scores at the end of the Double Jeopardy! Round:

Nancy Jeff Patti
$6,600 $8,900 $7,500

[wagering suggestions for these scores]

Final Jeopardy! Round responses

SHAKESPEARE
NancyWhat is
$4,000
PattiWhat is Merry Wives of Windsor
$7,500
JeffWhat is The Merry Wives of Windsor
$6,200
The Merry Wives of Windsor

Final scores:

Nancy Jeff Patti
$2,600 $15,100 $15,000
3rd place: hs & her tailored clothing by the Greif Company+Jeopardy! box game or Jeopardy! Challenger New champion: $15,100 2nd place: a computer & a VCR+Jeopardy! box game or Jeopardy! Challenger

Game dynamics:

Coryat scores:

Nancy Jeff Patti
$6,100 $7,100 $7,200
14 R
(including 1 DD),
1 W
20 R
(including 1 DD),
2 W
19 R
(including 1 DD),
1 W

Combined Coryat: $20,400

The J! Archive is created by fans, for fans. The Jeopardy! game show and all elements thereof, including but not limited to copyright and trademark thereto, are the property of Jeopardy Productions, Inc. and are protected under law. This website is not affiliated with, sponsored by, or operated by Jeopardy Productions, Inc. Join the discussion at JBoard.tv.